| 000 | 00860nam a2200241 a 4500 | ||
|---|---|---|---|
| 001 | 000980358 | ||
| 003 | AM-YEHGA | ||
| 005 | 20250618075548.0 | ||
| 008 | 130904s2011 ai o||||||||||||||0|arm|d | ||
| 020 | _a9789939570396 | ||
| 040 | _aAM-YeHGA | ||
| 041 | 0 | _aarm | |
| 100 | 1 |
_aԳևորգյան, Լարիսա Զավենի, _d1951- _93438 |
|
| 245 | 1 | 0 |
_aՀավատարիմ` ինքնությանը / _cԼ. Գևորգյան ; Խմբ.՝ Մ. Կարախանյան. |
| 260 |
_aԵրևան : _bՆոյյան Տապան, _c2011. |
||
| 300 |
_a340 էջ, 24 ներդ. թ. : _bգուն. լուսանկ. |
||
| 600 | 1 | 4 | _aԼևոնյան, Ռընե |
| 650 | 1 | 4 |
_aՀայ հուշագրություն _95766 |
| 650 | 1 | 4 | _aՀայ Ավետարանական եկեղեցի |
| 700 | 1 |
_aԿարախանյան, Մարիամ _eխմբ. _4edt |
|
| 942 |
_2udc _cBK |
||
| 090 | _c477617 | ||
| 999 |
_c474329 _d474329 |
||